000 01194cab a2200253 4500
001 ##L134196
008 060717n2006 000 0 eng u
035 _a(Sirsi) u134196
041 0 _aeng
100 1 _aMcAllister, Sean
245 0 0 _aProperty Week supplement
_bMidlands
260 _c2006
490 0 _aProperty Week
_v71(28) 14 July 2006, (15) (LOAN)
520 _aLooks at the vital need for more retail space in the west Midlands, as suggested by a new study; the decision on whether automobile manufacture will continue at Longbridge; news that Severn Trent is selling its property arm which is exciting the shed market; strife between Leicester Regeneration and the developer of St George's Tower; the stormy collapse of a deal intended to secure the future of the British Grand Prix at Silverstone; developers queuing up to start schemes in Birmingham's Eastside; and industrial research occupiers figures.
590 _aIKA180706
651 4 _aMIDLANDS
651 4 _aLONGBRIDGE
651 4 _aLEICESTER
651 4 _aSILVERSTONE
651 4 _aBIRMINGHAM
690 _aPROPERTY-COMMERCIAL PROPERTY-COMMERCIAL PROPERTY MARKET
700 1 _aWatson, Stuart
942 _n0
999 _c77401
_d77401